Famous 'Da' People by Picture Quiz Stats

Quiz Updated Jul 25, 2016

Also try: Famous 'Br' People
Challenge
Share
Tweet
Score 0/20 Timer 05:00
2 Plays Today
% Correct
Matt Damon
98.2%
Salvador DalĂ­
74.3%
Ted Danson
74.2%
Geena Davis
71.2%
Larry David
67.9%
Charles Darwin
66.8%
Jeff Daniels
63.7%
Tony Danza
62.9%
Willem Dafoe
62.8%
Claire Danes
61%
% Correct
Timothy Dalton
57.7%
Doris Day
54.4%
Rosario Dawson
41.6%
Roger Daltrey
38.7%
Paul Dano
23.4%
Lindsay Davenport
20%
Bobby Darin
16.8%
Ray Davies
16.3%
Roald Dahl
15.8%
Hugh Dancy
11.6%

You're not logged in!

Compare scores with friends on all Sporcle quizzes.
Sign Up with Email
OR
Log In

You Might Also Like...

Show Comments

Extras

Top Quizzes Today


Score Distribution

Your Account Isn't Verified!

In order to create a playlist on Sporcle, you need to verify the email address you used during registration. Go to your Sporcle Settings to finish the process.